| 000 | 00534nam a22001937a 4500 | ||
|---|---|---|---|
| 003 | OSt | ||
| 005 | 20140310181715.0 | ||
| 008 | 121214t xxu||||| |||| 00| 0 eng d | ||
| 050 |
_aDS 682 _b.M553 1979 |
||
| 082 |
_aFIL 959.9 _bM53 1979 |
||
| 245 |
_aGreat Filipino battles / _cMonina A. Mercado. |
||
| 260 |
_aParanaque, Metro Manila : _bPhilippine Appliance Corporation, _cc1979. |
||
| 300 |
_a75 p. : _bcol. : ill. ; _c28 cm. |
||
| 521 | _a | ||
| 541 | _j1 | ||
| 541 | _j2 | ||
| 562 | _e2 | ||
| 942 |
_2lcc _cBK-FIL _kFIL |
||
| 999 |
_c1744 _d1744 |
||